00455 2200181 4500001002100000005001500021008004100036020001800077035001900095041000700114082000800121090001400129100002700143245003700170260003100207300002000238650001500258INLIS00000000002012020241224115829241224||||||||| | ||| |||| || |  a979-33-0481-2 0010-1224020120 aid0 a370 a370 MAR m0 aAbdullah Muzi Marpaung00aBagaimana Benda Mempunyai Warna? aSolobTiga Serangkaic2006 a24hlm;25x17,5cm 0apendidikan